| 000 | 00431 a2200133 4500 | ||
|---|---|---|---|
| 005 | 20250612084952.0 | ||
| 020 | _a9798355312503 | ||
| 082 | _a001.42 RIE | ||
| 100 | _aRIES, J. | ||
| 245 | _aLean Six Sigma: 3 Books In 1 The Complete Guide to Implementing Six Sigma Methodology for Continuous Manufacturing Process Improvement | ||
| 260 |
_aNew York, _bAmerican Bar Association, _c2022. |
||
| 300 |
_a160p.: _c23cm. |
||
| 942 |
_2ddc _cBKS |
||
| 999 |
_c3821 _d3821 |
||